|
|
|
แสดงรายละเอียดบรรณานุกรม |
|
|
Brief Record
: Get Marc (ISO 2709)
: E-mail record
: |
select id from stat_globaluid where statuid='20260517235143_146'mysqli: Table './ulib62015/stat_globaluid' is marked as crashed and should be repaired
DELETE FROM stat_globaluid WHERE id NOT IN ( SELECT id FROM ( SELECT id FROM stat_globaluid ORDER BY id DESC LIMIT 100 ) foo );mysqli: Table './ulib62015/stat_globaluid' is marked as crashed and should be repaired
insert into stat_globaluid set statuid='20260517235143_146', dt='1779036703', phpself='/ULIB62015/dublinfull.php', agent='Mozilla/5.0 AppleWebKit/537.36 (KHTML, like Gecko; compatible; ClaudeBot/1.0; +claudebot@anthropic.com)', yea='2026', mon='5', dat='17', ip='216.73.216.45'mysqli: Table './ulib62015/stathist_viewbib_bib_type' is marked as crashed and should be repaired
insert into stathist_viewbib_bib_type set dat='17' , mon='05' , yea='2026' , statuid='20260517235143_146' , head='31240' , foot='marc' , dt='1779036703'
| LEADER : 01174nam 2200277 a 4500 | |||
| 001 31240 | |||
| 003 ULIB | |||
| 008 030417s caua sb 001 0 tha | |||
| 020 ^a9789746722209 | |||
| 060 04 ^aQW180^bบ113ก | |||
| 100 ^aบงกชวรรณ สุตะพาหะ | |||
| 245 10 ^aการตรวจพิสูจน์เชื้อราก่อโรคทางห้องปฏิบัติการ =^bLaboratory identification of pathogenic fungi /^cบงกชวรรณ สุตะพาหะ, เขียนและเรียบเรียง | |||
| 246 31 ^aLaboratory identification of pathogenic fungi | |||
| 250 ^aพิมพ์ครั้งที่ 1-3 | |||
| 260 ^aเชียงใหม่ :^bโครงการตำรา คณะเทคนิคการแพทย์ มหาวิทยาลัยเชียงใหม่,^c2550-2552 | |||
| 300 ^a203 หน้า :^bภาพประกอบ ;^c30 ซม. | |||
| 501 ^aพิมพ์ครั้งที่ 1 /2550 | |||
| 501 ^aพิมพ์ครั้งที่ 2 /2551 | |||
| 501 ^aพิมพ์ครั้งที่ 3 /2552 | |||
| 650 4 ^aเชื้อรา^xการวินิจฉัย | |||
| 650 4 ^aเชื้อรา^xการก่อโรค | |||
| 650 4 ^aการวินิจฉัยโรคทางห้องปฏิบัติการ | |||
| 945 ^p240^l0^i013159 | |||
| 945 ^p240^l0^i013160 | |||
| 945 ^p240^l0^i013161 | |||
| 945 ^p240^l0^i013162 | |||
| 945 ^p240^l0^i012594 | |||
| 945 ^p190^l0^i011392 | |||
| 945 ^p190^l0^i011391 | |||
| 945 ^p190^l0^i011390 | |||
| 945 ^p190^l0^i011393 | |||
| 999 ^alib | |||
| คุณยังไม่ได้ล็อกอิน คุณสามารถมีกิจกรรมร่วมกับเว็บไซต์ได้ แต่ต้องล็อกอินก่อน :: |
|
|||||||||
|
||||||||||
| สถานะ | |||||
| 1. | หนังสือ สถานะ=หาย | QW180 บ113ก 2550 ฉ.1 Barcode: 012594 | บนชั้น ขอยืม | ||
| 2. | หนังสือ | QW180 บ113ก 2550 ฉ.2 Barcode: 011390 | บนชั้น ขอยืม | ||
| 3. | หนังสือ | QW180 บ113ก 2550 ฉ.3 Barcode: 011391 | บนชั้น ขอยืม | ||
| 4. | หนังสือ | QW180 บ113ก 2550 ฉ.4 Barcode: 011392 | บนชั้น ขอยืม | ||
| 5. | หนังสือ สถานะ=หาย | QW180 บ113ก 2550 ฉ.5 Barcode: 011393 | บนชั้น ขอยืม | ||
| 6. | หนังสือ | QW180 บ113ก 2551 ฉ.6 Barcode: 013159 | บนชั้น ขอยืม | ||
| 7. | หนังสือ สถานะ=หาย | QW180 บ113ก 2552 ฉ.7 Barcode: 013160 | บนชั้น ขอยืม | ||
| 8. | หนังสือ สถานะ=หาย | QW180 บ113ก 2552 ฉ.8 Barcode: 013161 | บนชั้น ขอยืม | ||
| 9. | หนังสือ | QW180 บ113ก 2552 ฉ.9 Barcode: 013162 | บนชั้น ขอยืม | ||
| รายการใกล้เคียง หัวเรื่อง [การวินิจฉัยโรคทางห้องปฏิบัติการ]
|
BibComment |
| คอมเมนท์ทรัพยากรรายการนี้ |
|
|